| 000 | 00952nam a22002775a 4500 | ||
|---|---|---|---|
| 003 | EG-ScBUE | ||
| 005 | 20211205144601.0 | ||
| 008 | 190227s2017 ua f 000 e ara d | ||
| 017 | _a2017 / 27803 | ||
| 020 | _a9789777401333 | ||
| 040 |
_aEG-ScBUE _bara _erda _cEG-ScBUE _dEG-ScBUE |
||
| 082 | 0 | 4 |
_a892.746 _bم ن ف _222 |
| 100 | 1 |
_aمنفلوطي، مصطفى لطفي، _d1876-1924، _eمؤلف. |
|
| 245 | 1 | 2 |
_aالنظرات / _cمصطفى لطفي المنفلوطي. |
| 264 | 1 |
_aالقاهرة : _bدار الحياة للنشر والتوزيع، _c2017. |
|
| 300 |
_a1 مجلد ؛ _c24 سم |
||
| 336 |
_2rdacontent _aنص _btxt |
||
| 337 |
_2rdamedia _aبدون وسيط _bn |
||
| 338 |
_2rdacarrier _aمجلد _bnc |
||
| 505 | 0 | _aالمجلد الأول. | |
| 650 | 7 |
_aالمقالات العربية _yقرن 20. _2BUEsh _941806 |
|
| 651 | _2BUEsh | ||
| 653 |
_bARALIT _cFebruary2019 |
||
| 655 |
_vReading book _934232 |
||
| 942 | _2ddc | ||
| 999 |
_c27197 _d27169 |
||